| 000 | 00642nam a2200205Ia 4500 | ||
|---|---|---|---|
| 005 | 20220428140311.0 | ||
| 008 | 131103s9999 xx 000 0 und d | ||
| 040 | _aLoreto College | ||
| 041 | _aEnglish | ||
| 082 |
_a378.155 _bUNI |
||
| 245 |
_aHundred years of the University of Calcutta _b a history of the university issued in commemoration of the centenary celebrations |
||
| 260 |
_aCalcutta _bD.Chakravarti _c1957 |
||
| 300 |
_axxi,539 p. _b 258illus. |
||
| 504 | _aIncludes index | ||
| 650 | _aEducation | ||
| 650 | _aUniversity of Calcutta-History of education | ||
| 651 | _aHigher Education | ||
| 850 | _aLCLIB | ||
| 942 | _cBK | ||
| 999 |
_c10827 _d61306 |
||